00611nam a2200145Ia 4500008004100000100003500041245014400076245003500220260005900255650001800314650001500332856002600347999001900373952007300392170221s9999 xx 000 0 und d aMohammed Qudah Ayat Abu Al Own aAttitudes of Media and Political Sciences Students towards the Way Palestinian Television Addresses the political Division: A Field Study  cMohammed Qudah Ayat Abu Al Own bOnline Journal of Communication and Media Technologies xCommunication xMedia Arts uhttp://www.ojcmt.net/ c312852d312852 001040aCLbCLd2017-02-21l0r2017-02-21 00:00:00w2017-02-21yFOJ